000 00541nam a2200205Ia 4500
003 GCL
008 140319s9999 xx 000 0 eng d
040 _aGCL /
_cGCL
082 0 4 _a823
_bS K
100 1 _aSTEVENSON, ROBERT L
245 1 0 _aKIDNAPPED AND CATRIANA /
_cSTEVENSON, ROBERT L
700 1 _aLETLAY, EMMA
260 _a[S.N] :
_bOXFORD UNIVERSITY PRESS ،
_c1986
300 _a489 P
650 0 4 _aENGLISH LITERATURE
650 0 4 _aLITERATURE
650 0 4 _aENGLISH FICTION
650 0 4 _aADVENTURE - FICTION
942 _2ddc
_cBK
999 _c15890
_d15890